00859nam a2200229 a 450000100100000000500170001000800410002702000150006804000130008308200180009610000390011424500540015326000430020730000280025050000320027865000210031070000370033104900090036895201160037795201210049399900150061400000181620240430192052.0090629s2006 cu a 001 spa d a9592112932 aDO-SdBNP a303.62bM538b1 aMéndez, José Luis,d19489589210aBajo las alas del Condor /cJosé Luis Méndez. aLa Habana,c2006.bCapitán San Luis. a187 p. :bil. ;c20 cm. alncluye datos biográficos 0aTerrorismo932301 aCalloni, Stellaeprólogo95893 aBNPD 0010507-18MOaGRbGRcOId2009-06-29iLF1l0o303.62 M538bp1816-10r2020-06-25w2020-06-25y1ZNo se presta 001054708MOaGRbGRcCTd2009-06-29iLF1l0o303.62 M538bp1816-20r2020-06-25w2020-06-25y4ZPréstamo en sala c1693d1693